书目信息 |
| 题名: |
中国美术史纲要
|
|
| 作者: | 黄宗贤 编著 | |
| 分册: | ||
| 出版信息: | 重庆 西南师范大学出版社 1993 |
|
| 页数: | 145页 | |
| 开本: | 20cm | |
| 丛书名: | ||
| 单 册: | ||
| 中图分类: | J120.9 | |
| 科图分类: | ||
| 主题词: | 艺术--中国 , 中国艺术节 | |
| 电子资源: | ||
| ISBN: | 7-5621-0724-6 | |
| 000 | 00566nam0 2200193 450 | |
| 001 | 0654361046 | |
| 005 | 20070701183344.70 | |
| 010 | @a7-5621-0724-6@dCNY14.00 | |
| 100 | @a20061118d1993 km y0chiy0120 ea | |
| 101 | 0 | @achi |
| 200 | 1 | @a中国美术史纲要@Azhong guo mei shu shi gang yao@f黄宗贤编著@Fhuang zong xian bian zhu |
| 210 | @a重庆@c西南师范大学出版社@d1993 | |
| 215 | @a145页@c图@d20cm | |
| 606 | 0 | @a艺术@x中国 |
| 606 | 0 | @a中国艺术节 |
| 690 | @aJ120.9@v1 | |
| 701 | 0 | @a黄宗贤@Ahuang zong xian@4编著 |
| 801 | 0 | @aCN@bPFT@c20070701 |
| 905 | @a10447@dJ120.9@e22 | |
| 中国美术史纲要/黄宗贤编著.-重庆:西南师范大学出版社,1993 |
| 145页:图;20cm |
| ISBN 7-5621-0724-6:CNY14.00 |
| ● |
| 相关链接 |
|
|
|
|
正题名:中国美术史纲要
索取号:J120.9/22
 
预约/预借
| 序号 | 登录号 | 条形码 | 馆藏地/架位号 | 状态 | 备注 |
| 1 | 0263745 | 001216981 | 第一样本阅览室/ [索取号:J120.9/22] | 在馆 | |
| 2 | 0661523 | 206615233 | 第一借阅区/ [索取号:J120.9/22] | 在馆 | |
| 3 | 0661524 | 206615242 | 第一借阅区/ [索取号:J120.9/22] | 在馆 | |
| 4 | 0661525 | 206615251 | 库房3/ [索取号:J120.9/22] | 在馆 | |
| 5 | 0661526 | 206615260 | 库房3/ [索取号:J120.9/22] | 在馆 | |
| 6 | 0661527 | 206615279 | 库房3/ [索取号:J120.9/22] | 在馆 | |
| 7 | 0661528 | 206615288 | 库房3/ [索取号:J120.9/22] | 在馆 | |
| 8 | 0661529 | 206615297 | 第一借阅区/ [索取号:J120.9/22] | 在馆 | |
| 9 | 0661530 | 206615304 | 库房3/ [索取号:J120.9/22] | 在馆 | |
| 10 | 0661531 | 206615313 | 库房3/ [索取号:J120.9/22] | 在馆 | |
| 11 | 0661532 | 206615322 | 第一借阅区/ [索取号:J120.9/22] | 在馆 | |
| 12 | 0661533 | 206615331 | 库房3/ [索取号:J120.9/22] | 在馆 | |
| 13 | 0661534 | 206615340 | 库房3/ [索取号:J120.9/22] | 在馆 | |
| 14 | 0661535 | 206615359 | 库房3/ [索取号:J120.9/22] | 在馆 | |
| 15 | 0661536 | 206615368 | 库房3/ [索取号:J120.9/22] | 在馆 | |
| 16 | 0661537 | 206615377 | 第一借阅区/ [索取号:J120.9/22] | 在馆 | |
| 17 | 0661538 | 206615386 | 第一借阅区/ [索取号:J120.9/22] | 在馆 | |
| 18 | 0661539 | 206615395 | 库房3/ [索取号:J120.9/22] | 在馆 | |
| 19 | 0661540 | 206615402 | 第一借阅区/ [索取号:J120.9/22] | 在馆 | |
| 20 | 0661541 | 206615411 | 第一借阅区/ [索取号:J120.9/22] | 在馆 | |
| 21 | 0661542 | 206615420 | 第一借阅区/ [索取号:J120.9/22] | 在馆 | |
| 22 | 0661543 | 206615439 | 第一借阅区/ [索取号:J120.9/22] | 在馆 | |
| 23 | 0661544 | 206615448 | 第一借阅区/ [索取号:J120.9/22] | 在馆 | |
| 24 | 0661545 | 206615457 | 第一借阅区/ [索取号:J120.9/22] | 在馆 | |
| 25 | 0661546 | 206615466 | 第一借阅区/ [索取号:J120.9/22] | 在馆 | |
| 26 | 0661547 | 206615475 | 库房3/ [索取号:J120.9/22] | 在馆 | |
| 27 | 0661548 | 206615484 | 库房3/ [索取号:J120.9/22] | 在馆 | |
| 28 | 0661549 | 206615493 | 库房3/ [索取号:J120.9/22] | 在馆 | |
| 29 | 0661550 | 206615509 | 库房3/ [索取号:J120.9/22] | 在馆 | |
| 30 | 0661551 | 206615518 | 库房3/ [索取号:J120.9/22] | 在馆 | |
| 31 | 0762944 | 207629440 | 第一借阅区/ [索取号:J120.9/22] | 在馆 |